| 000 | 00818cam a2200265Mi 4500 | ||
|---|---|---|---|
| 001 | 92989 | ||
| 005 | 20230411090050.0 | ||
| 008 | 090101s1962 mx 000 0 spa d | ||
| 035 | _a(OCoLC)ocn417013506 | ||
| 040 |
_aFRBML _bfre _cFRBML |
||
| 035 | _a(OCoLC)417013506 | ||
| 084 | _aHR61.1 | ||
| 049 | _aGRAL | ||
| 100 | 1 |
_aBrouâe, Pierre, _d1926-2005. |
|
| 245 | 1 | 3 |
_aLa revolución y la guerra de España. _n01 / _cPierre Brouâe ; Emile Temime. |
| 260 |
_aMéxico ; _aBuenos-Aires : _bFondo de Cultura Economica, _c1962. |
||
| 300 | _a380 p. | ||
| 490 | 0 |
_aColección Popular.Tiempo Presente ; _v33 |
|
| 651 | 4 |
_aEspagne _y1936-1939 (Guerre civile) |
|
| 700 | 1 |
_aTemime, âEmile, _d19..-.... |
|
| 760 | 0 |
_tColeccion Popular.Tiempo Presente _g33 |
|
| 942 |
_2lcc _cbk |
||
| 994 |
_aC0 _bDRFGD |
||
| 946 | _aYM | ||
| 999 |
_c111883 _d111883 |
||